The acquisition of symbolic skills

Αποθηκεύτηκε σε:
Λεπτομέρειες βιβλιογραφικής εγγραφής
Συλλογικό Έργο: NATO Conference on the Acquisition of Symbolic Skills University of Keele, North Atlantic Treaty Organization. Scientific Affairs Division
Άλλοι συγγραφείς: Rogers, Don (Επιμελητής έκδοσης), Sloboda, John A. (Επιμελητής έκδοσης)
Μορφή: Πρακτικό Συνεδρίου Βιβλίο
Γλώσσα:English
Δημοσίευση: New York ; : London : Plenum Press, c1983
Θέματα:
Ετικέτες: Προσθήκη ετικέτας
Δεν υπάρχουν, Καταχωρήστε ετικέτα πρώτοι!

MARC

LEADER 00000cam a2200000 i 4500
001 1/16399
008 010129s1983 eng d
020 |a 0-306-41368-X 
035 |l 10065759 
040 |a GR-MY-UA  |b gre  |e aacr 
041 0 |a eng 
082 0 |a 155.413 
111 2 |a NATO Conference on the Acquisition of Symbolic Skills   |d (1982 :   |c University of Keele) 
245 1 4 |a The acquisition of symbolic skills /  |c edited by Don Rogers and John A. Sloboda 
260 |a New York ; :   |a London :   |b Plenum Press,   |c c1983 
300 |a xii, 623 p.;  |b ill.;  |c 26 cm 
500 |a Proceedings of a NATO Conference on the Acquisition of Symbolic Skills, held July 5-10, 1982, at the University of Keele, Keele, England 
500 |a Published in cooperation with NATO Scinetific Affairs Division 
504 |a Includes bibliographies and indexes 
650 0 0 |a Learning, Psychology of  |x Congresses. 
650 0 0 |a Cognition in children  |x Congresses. 
650 0 0 |a Logic, Symbolic and mathematical  |x Congresses. 
700 1 |a Rogers, Don,  |e edt 
700 1 |a Sloboda, John A.  |e edt 
710 2 |a North Atlantic Treaty Organization.   |b Scientific Affairs Division. 
852 |a INST  |b RHODES  |e 20010129  |h 155.413 ACQ  |p 005400013344  |q 005400013344  |t BK  |y 0 
901 |a BIBL4-2001-1 
909 |a Ρ  |b 078633 
922 |a 4ΕΛΗ  |b 199912  |c ΚΠΣ/154  |d GLORY BOOKS 
970 |a ΧΟΡΟΖΙΔΟΥ  |b ΤΖΕΝΗ  |z 2001/01/29